<?xml version="1.0" encoding="UTF-8"?>
<marc:record xmlns:marc="http://www.loc.gov/MARC21/slim">
   <marc:leader>00000nam a2200000 a 4500</marc:leader>
   <marc:datafield ind1="1" ind2=" " tag="100">
      <marc:subfield code="a">Klöckener, Martin</marc:subfield>
      <marc:subfield code="4">edt</marc:subfield>
      <marc:subfield code="e">Bearbeiter/-in</marc:subfield>
   </marc:datafield>
   <marc:datafield ind1="1" ind2=" " tag="100">
      <marc:subfield code="a">Meßner, Reinhard</marc:subfield>
      <marc:subfield code="4">edt</marc:subfield>
      <marc:subfield code="e">Bearbeiter/-in</marc:subfield>
   </marc:datafield>
   <marc:datafield ind1=" " ind2=" " tag="653">
      <marc:subfield code="a">Gottesdienst</marc:subfield>
   </marc:datafield>
   <marc:datafield ind1=" " ind2=" " tag="653">
      <marc:subfield code="a">Liturgiewissenschaft</marc:subfield>
   </marc:datafield>
   <marc:datafield ind1=" " ind2=" " tag="653">
      <marc:subfield code="a">Theologie</marc:subfield>
   </marc:datafield>
   <marc:datafield ind1=" " ind2=" " tag="653">
      <marc:subfield code="a">Softcover / Religion</marc:subfield>
   </marc:datafield>
   <marc:datafield ind1=" " ind2=" " tag="653">
      <marc:subfield code="a">Theologie/Christentum</marc:subfield>
   </marc:datafield>
   <marc:datafield ind1="0" ind2="0" tag="245">
      <marc:subfield code="a">Gottesdienst der Kirche. Handbuch der Liturgiewissenschaft/Wissenschaft der Liturgie</marc:subfield>
   </marc:datafield>
   <marc:datafield ind1="0" ind2="0" tag="245">
      <marc:subfield code="b">Begriff, Geschichte, Konzepte&lt;br&gt;</marc:subfield>
   </marc:datafield>
   <marc:datafield ind1=" " ind2="1" tag="264">
      <marc:subfield code="a">Regensburg</marc:subfield>
      <marc:subfield code="b">Pustet, F</marc:subfield>
      <marc:subfield code="c">2022</marc:subfield>
   </marc:datafield>
   <marc:datafield ind1="1" ind2=" " tag="490">
      <marc:subfield code="a">Gottesdienst der Kirche. Handbuch der Liturgiewissenschaft</marc:subfield>
      <marc:subfield code="v">1,1</marc:subfield>
   </marc:datafield>
   <marc:datafield ind1=" " ind2=" " tag="250">
      <marc:subfield code="a">1. Auflage</marc:subfield>
   </marc:datafield>
   <marc:datafield ind1="1" ind2=" " tag="520">
      <marc:subfield code="a">Angaben aus der Verlagsmeldung

Wissenschaft der Liturgie Band 1 : Begriff, Geschichte, Konzepte&lt;br&gt;Gottesdienst der Kirche

Dieser Band bietet unter Mitarbeit von führenden Vertreter*innen aus der internationalen Fachwelt eine umfassende Darstellung des Begriffs „Liturgie“ und zeigt das Profil und Verständnis des christlichen Gottesdienstes in den verschiedenen Konfessionen auf. Schwerpunkt ist die breite Aufarbeitung der theologischen Disziplin „Liturgiewissenschaft“. Zum einen geht es um ihre historische Entwicklung, zum anderen werden verschiedene Sprachgebiete mit ihrer teilweise spezifischen Forschungsgeschichte und ihren eigenen theologischen Akzenten berücksichtigt. Ebenso kommen die Bedeutung und die Ausprägung der Liturgiewissenschaft in den Kirchen der Reformation, der anglikanischen Kirche und den Kirchen
des Ostens zur Sprache. Eine solch komplexe Gesamtdarstellung der Wissenschaft der Liturgie stellt ein Novum in der theologischen Forschung dar.
</marc:subfield>
   </marc:datafield>
   <marc:datafield ind1=" " ind2=" " tag="020">
      <marc:subfield code="a">9783791733647</marc:subfield>
      <marc:subfield code="9">9783791733647</marc:subfield>
   </marc:datafield>
   <marc:datafield ind1=" " ind2=" " tag="020">
      <marc:subfield code="a">3791733648</marc:subfield>
      <marc:subfield code="9">3791733648</marc:subfield>
   </marc:datafield>
   <marc:datafield ind1=" " ind2=" " tag="041">
      <marc:subfield code="a">ger</marc:subfield>
   </marc:datafield>
   <marc:datafield ind1=" " ind2=" " tag="300">
      <marc:subfield code="a">784 Seiten</marc:subfield>
   </marc:datafield>
</marc:record>
